Высокопрочные стеклопластики для арктического машиностроения

Podrobná bibliografie
Hlavní autor: Бахарева В. Е. Виктория Ефимовна
Korporativní autor: Центральный научно-исследовательский институт конструкционных материалов "Прометей" имени академика И. В. Горынина Национального исследовательского центра "Курчатовский институт"
Další autoři: Орыщенко А. С. Алексей Сергеевич
Shrnutí:Важной задачей для современной российской науки и техники, в связи с освоением высоких широт, является разработка высокопрочных материалов, адаптированных к природно-климатическим условиям Арктики, а также внедрение изготовленных на их основе новых изделий и конструкций, предназначенных для многолетней интенсивной работы. Разработанные в ЦНИИ КМ "Прометей" многофункциональные стеклопластики обладают высокой прочностью, водо- и теплостойкостью, химической стойкостью, прекрасными диэлектрическими свойствами при частотах от 50 до 1010 Гц и успешно эксплуатируются при температурах от -200 до +200 °С.
Jazyk:ruština
Vydáno: Санкт-Петербург, Профессионал, 2017
Témata:
Médium: MixedMaterials Kniha
KOHA link:https://koha.lib.tpu.ru/cgi-bin/koha/opac-detail.pl?biblionumber=332782

MARC

LEADER 00000nam0a2200000 4500
001 332782
005 20231102004505.0
010 |a 9785912591259 
035 |a (RuTPU)RU\TPU\book\358755 
090 |a 332782 
100 |a 20170531d2017 k y0rusy50 ca 
101 0 |a rus 
102 |a RU 
105 |a a z 001zy 
200 1 |a Высокопрочные стеклопластики для арктического машиностроения  |f В. Е. Бахарева, А. С. Орыщенко  |g Центральный научно-исследовательский институт конструкционных материалов "Прометей" имени академика И. В. Горынина Национального исследовательского центра "Курчатовский институт"  
210 |a Санкт-Петербург  |c Профессионал  |d 2017 
215 |a 223 с.  |c ил. 
320 |a Библиография в конце глав 
330 |a Важной задачей для современной российской науки и техники, в связи с освоением высоких широт, является разработка высокопрочных материалов, адаптированных к природно-климатическим условиям Арктики, а также внедрение изготовленных на их основе новых изделий и конструкций, предназначенных для многолетней интенсивной работы. Разработанные в ЦНИИ КМ "Прометей" многофункциональные стеклопластики обладают высокой прочностью, водо- и теплостойкостью, химической стойкостью, прекрасными диэлектрическими свойствами при частотах от 50 до 1010 Гц и успешно эксплуатируются при температурах от -200 до +200 °С. 
606 1 |a Стеклопластики  |x Применение в машиностроении  |2 stltpush  |3 (RuTPU)RU\TPU\subj\56892  |9 74775 
610 1 |a классификация 
610 1 |a состав 
610 1 |a структура 
610 1 |a физико-механические свойства 
610 1 |a теплостойкие стеклопластики 
610 1 |a изготовление 
610 1 |a судовые движители 
610 1 |a диэлектрические стеклопластики 
610 1 |a промышленное применение 
675 |a 621.002.3:678  |v 4 
700 1 |a Бахарева  |b В. Е.  |g Виктория Ефимовна 
701 1 |a Орыщенко  |b А. С.  |g Алексей Сергеевич 
712 0 2 |a Центральный научно-исследовательский институт конструкционных материалов "Прометей" имени академика И. В. Горынина Национального исследовательского центра "Курчатовский институт"  |c (Санкт-Петербург)  |2 stltpush  |3 (RuTPU)RU\TPU\col\26258 
801 1 |a RU  |b 63413507  |c 20170531 
801 2 |a RU  |b 63413507  |c 20191003  |g RCR 
942 |c BK 
959 |a 2/20170120  |d 1  |e 600,00  |f ЧЗТЛ:1